[Event "45th FIDE Chess Olympiad Open"]
[Site "Budapest, Hungary"]
[Date "2024.09.22"]
[Round "11"]
[White "McCoy, Tom"]
[Black "Ormsby, Alan"]
[Result "0-1"]
[Board "298"]
[WhiteFideId "9100229"]
[BlackFideId "403407"]
[WhiteTitle "CM"]
[WhiteElo "1883"]
[BlackElo "1914"]
[WhiteTeam "Papua New Guinea"]
[BlackTeam "Isle of Man"]
[WhiteClock "0:39:45"]
[BlackClock "0:07:45"]
[Variant "Standard"]

1. e4 {[%clk 1:30:57]}  c6 {[%clk 1:30:37]} 2. d4 {[%clk 1:31:04]}  d5 {[%clk 1:31:01]} 3. e5 {[%clk 1:28:28]}  Bf5 {[%clk 1:31:22]} 4. Bd3 {[%clk 1:27:40]}  Bxd3 {[%clk 1:31:41]} 5. Qxd3 {[%clk 1:27:59]}  e6 {[%clk 1:32:06]} 6. Nf3 {[%clk 1:26:42]}  Nd7 {[%clk 1:28:26]} 7. O-O {[%clk 1:26:59]}  Ne7 {[%clk 1:27:55]} 8. Re1 {[%clk 1:26:21]}  Qc7 {[%clk 1:26:36]} 9. a4 {[%clk 1:21:48]}  c5 {[%clk 1:22:32]} 10. c3 {[%clk 1:20:11]}  Nc6 {[%clk 1:22:29]} 11. Na3 {[%clk 1:13:35]}  a6 {[%clk 1:22:22]} 12. Be3 {[%clk 1:09:05]}  c4 {[%clk 1:10:07]} 13. Qe2 {[%clk 1:08:42]}  h6 {[%clk 1:10:24]} 14. Nc2 {[%clk 1:08:16]}  Na5 {[%clk 1:08:10]} 15. Nd2 {[%clk 1:08:29]}  Nb6 {[%clk 1:04:57]} 16. f4 {[%clk 1:01:15]}  g6 {[%clk 1:02:02]} 17. Qf3 {[%clk 0:59:59]}  Nb3 {[%clk 0:58:34]} 18. Ra2 {[%clk 0:57:17]}  Qc6 {[%clk 0:46:57]} 19. a5 {[%clk 0:50:19]}  Nc8 {[%clk 0:45:50]} 20. g4 {[%clk 0:47:35]}  h5 {[%clk 0:43:58]} 21. h3 {[%clk 0:47:15]}  hxg4 {[%clk 0:42:24]} 22. hxg4 {[%clk 0:47:29]}  Qb5 {[%clk 0:37:24]} 23. Na1 {[%clk 0:38:31]}  Nxd2 {[%clk 0:25:33]} 24. Bxd2 {[%clk 0:38:46]}  Na7 {[%clk 0:25:52]} 25. Rb1 {[%clk 0:34:27]}  Qc6 {[%clk 0:23:16]} 26. f5 {[%clk 0:30:52]}  gxf5 {[%clk 0:23:24]} 27. gxf5 {[%clk 0:31:13]}  O-O-O {[%clk 0:19:30]} 28. Bg5 {[%clk 0:29:09]}  Rg8 {[%clk 0:17:42]} 29. Qh5 {[%clk 0:29:21]}  exf5 {[%clk 0:13:32]} 30. Kf2 {[%clk 0:28:45]}  Rd7 {[%clk 0:12:29]} 31. Bf6 {[%clk 0:25:21]}  Qe6 {[%clk 0:06:37]} 32. Qh7 {[%clk 0:22:34]}  Rg6 {[%clk 0:04:45]} 33. Qh8 {[%clk 0:22:00]}  Qe8 {[%clk 0:05:01]} 34. b3 {[%clk 0:21:55]}  Nb5 {[%clk 0:05:02]} 35. Rc1 {[%clk 0:20:05]}  Rh6 {[%clk 0:04:23]} 36. Qg8 {[%clk 0:19:12]}  Rh2+ {[%clk 0:04:40]} 37. Kf3 {[%clk 0:18:58]}  Rxa2 {[%clk 0:04:56]} 38. bxc4 {[%clk 0:19:13]}  dxc4 {[%clk 0:05:00]} 39. Nc2 {[%clk 0:18:52]}  Nc7 {[%clk 0:01:13]} 40. Ne3 {[%clk 0:18:43]}  Nd5 {[%clk 0:01:06]} 41. Nxc4 {[%clk 0:18:27]}  Nxf6 {[%clk 0:29:23]} 42. Nb6+ {[%clk 0:46:11]}  Kc7 {[%clk 0:26:01]} 43. Qg3 {[%clk 0:46:29]}  Kd8 {[%clk 0:25:05]} 44. Re1 {[%clk 0:46:19]}  Rc7 {[%clk 0:22:11]} 45. c4 {[%clk 0:44:21]}  Ra3+ {[%clk 0:19:02]} 46. Re3 {[%clk 0:44:45]}  Rxe3+ {[%clk 0:19:21]} 47. Kxe3 {[%clk 0:45:10]}  Bh6+ {[%clk 0:19:00]} 48. Kd3 {[%clk 0:45:24]}  Qf8 {[%clk 0:15:09]} 49. c5 {[%clk 0:45:23]}  Qg7 {[%clk 0:14:41]} 50. Qh2 {[%clk 0:45:22]}  Ne4 {[%clk 0:14:32]} 51. Kc4 {[%clk 0:43:57]}  Qg6 {[%clk 0:13:26]} 52. e6 {[%clk 0:40:14]}  Qxe6+ {[%clk 0:12:34]} 53. Nd5 {[%clk 0:40:30]}  Nd6+ {[%clk 0:07:18]} 54. Kc3 {[%clk 0:39:19]}  Qxd5 {[%clk 0:07:12]} 55. Qxh6 {[%clk 0:39:35]}  Nb5+ {[%clk 0:07:27]} 56. Kb2 {[%clk 0:39:45]}  Qxd4+ {[%clk 0:07:45]} 0-1

[Event "45th FIDE Chess Olympiad Open"]
[Site "Budapest, Hungary"]
[Date "2024.09.22"]
[Round "11"]
[White "Gumireddy, Sanjay"]
[Black "Jones, Rupert"]
[Result "1/2-1/2"]
[Board "299"]
[WhiteFideId "448885"]
[BlackFideId "9100121"]
[BlackTitle "FM"]
[WhiteElo "1907"]
[BlackElo "1849"]
[WhiteTeam "Isle of Man"]
[BlackTeam "Papua New Guinea"]
[WhiteClock "0:03:55"]
[BlackClock "0:03:35"]
[Variant "Standard"]

1. e4 {[%clk 1:30:24]}  e5 {[%clk 1:30:52]} 2. Nf3 {[%clk 1:30:33]}  Nf6 {[%clk 1:31:03]} 3. Nxe5 {[%clk 1:30:33]}  d6 {[%clk 1:31:25]} 4. Nf3 {[%clk 1:29:29]}  Nxe4 {[%clk 1:31:50]} 5. Nc3 {[%clk 1:29:13]}  Nxc3 {[%clk 1:30:12]} 6. dxc3 {[%clk 1:29:32]}  Be7 {[%clk 1:30:30]} 7. Be3 {[%clk 1:29:07]}  Nd7 {[%clk 1:27:30]} 8. Qd2 {[%clk 1:27:32]}  Nf6 {[%clk 1:24:33]} 9. Bc4 {[%clk 1:22:43]}  O-O {[%clk 1:22:19]} 10. O-O-O {[%clk 1:21:57]}  Bd7 {[%clk 1:09:15]} 11. Nd4 {[%clk 1:17:06]}  c6 {[%clk 1:07:27]} 12. f3 {[%clk 1:15:10]}  d5 {[%clk 1:07:38]} 13. Bd3 {[%clk 1:15:18]}  a5 {[%clk 0:59:46]} 14. g4 {[%clk 1:11:48]}  b5 {[%clk 0:53:03]} 15. g5 {[%clk 1:06:25]}  Nh5 {[%clk 0:52:20]} 16. f4 {[%clk 1:06:28]}  b4 {[%clk 0:44:12]} 17. Be2 {[%clk 1:03:16]}  bxc3 {[%clk 0:39:34]} 18. Qxc3 {[%clk 1:03:18]}  c5 {[%clk 0:37:57]} 19. Bxh5 {[%clk 1:02:12]}  cxd4 {[%clk 0:36:15]} 20. Qxd4 {[%clk 1:00:51]}  Qc8 {[%clk 0:32:47]} 21. Bf3 {[%clk 0:57:58]}  Bf5 {[%clk 0:30:19]} 22. Rd2 {[%clk 0:53:13]}  Rd8 {[%clk 0:21:38]} 23. Be2 {[%clk 0:42:20]}  Be4 {[%clk 0:16:00]} 24. Rf1 {[%clk 0:42:38]}  Qh3 {[%clk 0:14:56]} 25. Bd3 {[%clk 0:40:11]}  Rac8 {[%clk 0:10:22]} 26. Qa7 {[%clk 0:15:24]}  Bxd3 {[%clk 0:09:15]} 27. Re1 {[%clk 0:14:12]}  Bg6 {[%clk 0:06:40]} 28. Qxe7 {[%clk 0:13:34]}  Re8 {[%clk 0:06:57]} 29. Qa3 {[%clk 0:13:09]}  d4 {[%clk 0:05:50]} 30. Bf2 {[%clk 0:10:46]}  Rxe1+ {[%clk 0:05:39]} 31. Bxe1 {[%clk 0:08:11]}  Qf1 {[%clk 0:03:46]} 32. Qg3 {[%clk 0:08:10]}  Qc4 {[%clk 0:03:12]} 33. Qb3 {[%clk 0:06:23]}  Qf1 {[%clk 0:03:35]} 34. Qg3 {[%clk 0:03:55]} 1/2-1/2

[Event "45th FIDE Chess Olympiad Open"]
[Site "Budapest, Hungary"]
[Date "2024.09.22"]
[Round "11"]
[White "Aziz, Husain"]
[Black "Pereira, Sergio"]
[Result "1-0"]
[Board "301"]
[WhiteFideId "12100293"]
[BlackFideId "1908316"]
[WhiteTitle "IM"]
[WhiteElo "2340"]
[BlackElo "1988"]
[WhiteTeam "Qatar"]
[BlackTeam "Sao Tome and Principe"]
[WhiteClock "0:34:15"]
[BlackClock "0:17:23"]
[Variant "Standard"]

1. d4 {[%clk 1:30:55]}  Nf6 {[%clk 1:30:28]} 2. Nf3 {[%clk 1:30:55]}  d5 {[%clk 1:30:48]} 3. c4 {[%clk 1:31:11]}  e6 {[%clk 1:30:08]} 4. Nc3 {[%clk 1:31:32]}  Be7 {[%clk 1:30:01]} 5. Bf4 {[%clk 1:31:51]}  O-O {[%clk 1:29:12]} 6. e3 {[%clk 1:32:12]}  b6 {[%clk 1:29:05]} 7. Bd3 {[%clk 1:31:34]}  dxc4 {[%clk 1:28:16]} 8. Bxc4 {[%clk 1:31:52]}  Bb7 {[%clk 1:28:33]} 9. O-O {[%clk 1:31:59]}  c5 {[%clk 1:28:35]} 10. Qe2 {[%clk 1:31:43]}  Nbd7 {[%clk 1:26:11]} 11. Rfd1 {[%clk 1:27:58]}  cxd4 {[%clk 1:21:40]} 12. Rxd4 {[%clk 1:19:48]}  Bc5 {[%clk 1:13:40]} 13. Rdd1 {[%clk 1:14:01]}  Qe7 {[%clk 1:10:04]} 14. a3 {[%clk 1:14:21]}  Rfc8 {[%clk 1:01:53]} 15. Rac1 {[%clk 1:09:32]}  Nh5 {[%clk 0:56:47]} 16. Ng5 {[%clk 0:55:50]}  Nxf4 {[%clk 0:44:57]} 17. exf4 {[%clk 0:56:17]}  Nf8 {[%clk 0:42:46]} 18. Bd3 {[%clk 0:49:04]}  Rd8 {[%clk 0:33:04]} 19. g3 {[%clk 0:47:42]}  a6 {[%clk 0:28:16]} 20. Be4 {[%clk 0:45:26]}  b5 {[%clk 0:27:16]} 21. Bxb7 {[%clk 0:34:36]}  Qxb7 {[%clk 0:27:12]} 22. Nce4 {[%clk 0:34:59]}  Be7 {[%clk 0:26:58]} 23. h4 {[%clk 0:32:03]}  Rac8 {[%clk 0:17:53]} 24. Qf3 {[%clk 0:28:28]}  Qb6 {[%clk 0:16:39]} 25. Rxc8 {[%clk 0:27:43]}  Rxc8 {[%clk 0:16:39]} 26. f5 {[%clk 0:27:23]}  Bxg5 {[%clk 0:13:56]} 27. Nxg5 {[%clk 0:24:47]}  e5 {[%clk 0:12:10]} 28. Qd5 {[%clk 0:23:43]}  Qc7 {[%clk 0:11:54]} 29. b4 {[%clk 0:21:54]}  h6 {[%clk 0:10:42]} 30. Ne4 {[%clk 0:22:23]}  Nh7 {[%clk 0:09:02]} 31. Nc5 {[%clk 0:21:22]}  Nf6 {[%clk 0:08:57]} 32. Qd6 {[%clk 0:20:27]}  Qxd6 {[%clk 0:07:23]} 33. Rxd6 {[%clk 0:20:54]}  a5 {[%clk 0:07:41]} 34. g4 {[%clk 0:15:50]}  axb4 {[%clk 0:05:46]} 35. axb4 {[%clk 0:16:18]}  Rb8 {[%clk 0:04:00]} 36. g5 {[%clk 0:15:34]}  hxg5 {[%clk 0:02:50]} 37. hxg5 {[%clk 0:15:57]}  Nh5 {[%clk 0:02:55]} 38. Kg2 {[%clk 0:13:50]}  f6 {[%clk 0:02:32]} 39. g6 {[%clk 0:12:36]}  Nf4+ {[%clk 0:02:27]} 40. Kf3 {[%clk 0:12:56]}  Ra8 {[%clk 0:02:30]} 41. Rd7 {[%clk 0:09:17]}  Kf8 {[%clk 0:21:06]} 42. Rf7+ {[%clk 0:38:29]}  Ke8 {[%clk 0:21:01]} 43. Rxg7 {[%clk 0:37:20]}  Ra3+ {[%clk 0:21:11]} 44. Ke4 {[%clk 0:37:30]}  Ra2 {[%clk 0:21:01]} 45. Nd7 {[%clk 0:35:58]}  Nh5 {[%clk 0:19:39]} 46. Rf7 {[%clk 0:33:45]}  Rxf2 {[%clk 0:17:03]} 47. Nxf6+ {[%clk 0:33:51]}  Nxf6+ {[%clk 0:17:23]} 48. Rxf6 {[%clk 0:34:15]} 1-0

[Event "45th FIDE Chess Olympiad Open"]
[Site "Budapest, Hungary"]
[Date "2024.09.22"]
[Round "11"]
[White "Nascimento Admilton de Ceita dos Santos"]
[Black "Erfan Mohamad Firdaus"]
[Result "0-1"]
[Board "302"]
[WhiteFideId "16900120"]
[BlackFideId "12102032"]
[WhiteElo "1908"]
[BlackElo "1758"]
[WhiteTeam "Sao Tome and Principe"]
[BlackTeam "Qatar"]
[WhiteClock "1:12:10"]
[BlackClock "0:16:44"]
[Variant "Standard"]

1. d4 {[%clk 1:30:55]}  d5 {[%clk 1:30:54]} 2. c4 {[%clk 1:30:57]}  dxc4 {[%clk 1:31:06]} 3. e3 {[%clk 1:31:06]}  Nf6 {[%clk 1:31:21]} 4. Nc3 {[%clk 1:31:16]}  e6 {[%clk 1:31:37]} 5. Nf3 {[%clk 1:31:21]}  a6 {[%clk 1:31:19]} 6. Bxc4 {[%clk 1:30:38]}  b5 {[%clk 1:31:10]} 7. Bd3 {[%clk 1:30:44]}  Bb7 {[%clk 1:31:32]} 8. O-O {[%clk 1:30:53]}  Be7 {[%clk 1:31:39]} 9. Ne5 {[%clk 1:30:04]}  O-O {[%clk 1:31:20]} 10. Qc2 {[%clk 1:30:07]}  Nbd7 {[%clk 1:18:45]} 11. Bd2 {[%clk 1:29:28]}  c5 {[%clk 1:14:55]} 12. Nxd7 {[%clk 1:27:50]}  Qxd7 {[%clk 1:15:13]} 13. Ne4 {[%clk 1:24:35]}  Nxe4 {[%clk 1:01:10]} 14. Bxe4 {[%clk 1:24:48]}  Bxe4 {[%clk 0:55:36]} 15. Qxe4 {[%clk 1:25:10]}  f5 {[%clk 0:48:09]} 16. Qf3 {[%clk 1:21:19]}  e5 {[%clk 0:45:17]} 17. Rad1 {[%clk 1:19:40]}  cxd4 {[%clk 0:36:00]} 18. exd4 {[%clk 1:19:57]}  exd4 {[%clk 0:35:37]} 19. Bc3 {[%clk 1:20:05]}  Bc5 {[%clk 0:33:43]} 20. Qd3 {[%clk 1:16:30]}  Rad8 {[%clk 0:32:37]} 21. Ba5 {[%clk 1:16:36]}  Rc8 {[%clk 0:31:50]} 22. Bc3 {[%clk 1:16:50]}  Qd5 {[%clk 0:30:18]} 23. b3 {[%clk 1:15:20]}  Rfe8 {[%clk 0:27:03]} 24. Bd2 {[%clk 1:15:18]}  Re4 {[%clk 0:26:10]} 25. a4 {[%clk 1:15:22]}  Bb6 {[%clk 0:21:01]} 26. Rc1 {[%clk 1:13:39]}  Rxc1 {[%clk 0:13:44]} 27. Rxc1 {[%clk 1:14:01]}  Re8 {[%clk 0:13:01]} 28. a5 {[%clk 1:13:56]}  Ba7 {[%clk 0:09:22]} 29. f3 {[%clk 1:14:14]}  Bb8 {[%clk 0:08:22]} 30. Rd1 {[%clk 1:12:21]}  Qe5 {[%clk 0:07:08]} 31. g3 {[%clk 1:10:57]}  Qe2 {[%clk 0:03:43]} 32. Bb4 {[%clk 1:10:30]}  Ba7 {[%clk 0:01:59]} 33. Qxe2 {[%clk 1:01:30]}  Rxe2 {[%clk 0:02:27]} 34. Rd3 {[%clk 1:01:42]}  Kf7 {[%clk 0:00:53]} 35. Bd6 {[%clk 1:02:01]}  Ke6 {[%clk 0:00:55]} 36. Bc7 {[%clk 1:00:19]}  Kd5 {[%clk 0:01:17]} 37. h4 {[%clk 0:58:38]}  Rc2 {[%clk 0:00:41]} 38. Bf4 {[%clk 0:57:56]}  Kc5 {[%clk 0:00:33]} 39. Be5 {[%clk 0:56:15]}  Kb4 {[%clk 0:00:42]} 40. Bxd4 {[%clk 0:54:52]}  Rc3 {[%clk 0:00:33]} 41. Rd1 {[%clk 0:53:38]}  Bxd4+ {[%clk 0:20:54]} 42. Rxd4+ {[%clk 1:24:04]}  Kxa5 {[%clk 0:21:08]} 43. b4+ {[%clk 1:23:30]}  Ka4 {[%clk 0:21:33]} 44. Rd6 {[%clk 1:23:49]}  Rxf3 {[%clk 0:21:37]} 45. Rxa6+ {[%clk 1:23:37]}  Kxb4 {[%clk 0:22:00]} 46. Kg2 {[%clk 1:23:56]}  Ra3 {[%clk 0:22:19]} 47. Rc6 {[%clk 1:23:35]}  Rc3 {[%clk 0:19:23]} 48. Ra6 {[%clk 1:23:40]}  Rc7 {[%clk 0:19:12]} 49. Ra1 {[%clk 1:23:59]}  Kc5 {[%clk 0:18:41]} 50. h5 {[%clk 1:23:36]}  b4 {[%clk 0:18:36]} 51. Ra5+ {[%clk 1:23:36]}  Kc4 {[%clk 0:18:49]} 52. Rxf5 {[%clk 1:23:44]}  b3 {[%clk 0:18:49]} 53. Rf8 {[%clk 1:12:10]}  b2 {[%clk 0:16:44]} 0-1

[Event "45th FIDE Chess Olympiad Open"]
[Site "Budapest, Hungary"]
[Date "2024.09.22"]
[Round "11"]
[White "Al-Kuwari, Turki"]
[Black "Lima, Osvaldo Dos Santos"]
[Result "1-0"]
[Board "303"]
[WhiteFideId "12102687"]
[BlackFideId "14306352"]
[BlackTitle "CM"]
[WhiteElo "1577"]
[BlackElo "1903"]
[WhiteTeam "Qatar"]
[BlackTeam "Sao Tome and Principe"]
[WhiteClock "0:05:40"]
[BlackClock "1:11:43"]
[Variant "Standard"]

1. e4 {[%clk 1:30:41]}  g6 {[%clk 1:30:53]} 2. d4 {[%clk 1:31:05]}  Bg7 {[%clk 1:31:21]} 3. Nc3 {[%clk 1:31:26]}  c6 {[%clk 1:31:37]} 4. Be3 {[%clk 1:30:49]}  Nf6 {[%clk 1:31:19]} 5. Qd2 {[%clk 1:29:54]}  h5 {[%clk 1:31:26]} 6. h3 {[%clk 1:29:10]}  d6 {[%clk 1:31:26]} 7. Nf3 {[%clk 1:28:18]}  Nbd7 {[%clk 1:31:53]} 8. a4 {[%clk 1:27:41]}  a5 {[%clk 1:31:56]} 9. Bc4 {[%clk 1:22:48]}  Nb6 {[%clk 1:31:53]} 10. Bb3 {[%clk 1:22:59]}  d5 {[%clk 1:31:45]} 11. e5 {[%clk 1:22:21]}  Nfd7 {[%clk 1:31:10]} 12. Qd3 {[%clk 1:16:42]}  Nb8 {[%clk 1:31:26]} 13. Ne2 {[%clk 1:14:25]}  Bf5 {[%clk 1:30:29]} 14. Qd2 {[%clk 1:14:21]}  Nc4 {[%clk 1:29:26]} 15. Bxc4 {[%clk 1:14:00]}  dxc4 {[%clk 1:29:54]} 16. Ng3 {[%clk 1:14:03]}  Be6 {[%clk 1:30:14]} 17. O-O {[%clk 1:09:03]}  Bd5 {[%clk 1:27:21]} 18. Ne1 {[%clk 0:57:28]}  h4 {[%clk 1:27:37]} 19. Ne2 {[%clk 0:57:43]}  Qd7 {[%clk 1:20:30]} 20. c3 {[%clk 0:52:59]}  b5 {[%clk 1:18:49]} 21. Nc2 {[%clk 0:51:20]}  Qf5 {[%clk 1:14:26]} 22. f3 {[%clk 0:47:22]}  Qd7 {[%clk 1:11:18]} 23. Nf4 {[%clk 0:47:26]}  e6 {[%clk 1:10:21]} 24. Nxd5 {[%clk 0:47:46]}  exd5 {[%clk 1:10:11]} 25. Bg5 {[%clk 0:47:14]}  Qf5 {[%clk 1:09:17]} 26. axb5 {[%clk 0:43:58]}  cxb5 {[%clk 1:09:39]} 27. Na3 {[%clk 0:43:08]}  Qd7 {[%clk 1:09:59]} 28. Nc2 {[%clk 0:40:55]}  Nc6 {[%clk 1:10:10]} 29. Ne3 {[%clk 0:40:36]}  Qe6 {[%clk 1:07:45]} 30. Ng4 {[%clk 0:39:19]}  Kd7 {[%clk 1:08:10]} 31. Qc2 {[%clk 0:36:13]}  a4 {[%clk 1:07:57]} 32. f4 {[%clk 0:34:41]}  Qf5 {[%clk 1:07:15]} 33. Qe2 {[%clk 0:23:27]}  Rae8 {[%clk 1:01:26]} 34. Qf3 {[%clk 0:19:53]}  Qe6 {[%clk 1:00:08]} 35. Bf6 {[%clk 0:19:40]}  Reg8 {[%clk 0:56:39]} 36. Bxg7 {[%clk 0:18:54]}  Rxg7 {[%clk 0:57:07]} 37. Nf6+ {[%clk 0:19:09]}  Kc8 {[%clk 0:56:45]} 38. Nxd5 {[%clk 0:17:28]}  Nb8 {[%clk 0:56:39]} 39. Nf6 {[%clk 0:17:26]}  g5 {[%clk 0:56:23]} 40. f5 {[%clk 0:16:48]}  Qc6 {[%clk 0:56:22]} 41. Qg4 {[%clk 0:15:45]}  Nd7 {[%clk 0:56:26]} 42. Ne4 {[%clk 0:14:22]}  Qb6 {[%clk 0:55:50]} 43. Kh1 {[%clk 0:12:03]}  Kc7 {[%clk 0:54:25]} 44. f6 {[%clk 0:00:44]}  Rg6 {[%clk 0:54:37]} 45. Nd6 {[%clk 0:28:53]}  Nxf6 {[%clk 1:23:28]} 46. Nxb5+ {[%clk 0:19:58]}  Qxb5 {[%clk 1:23:50]} 47. exf6 {[%clk 0:18:37]}  Re8 {[%clk 1:22:53]} 48. Rf2 {[%clk 0:15:42]}  Rgg8 {[%clk 1:21:36]} 49. Rf5 {[%clk 0:10:31]}  Qxb2 {[%clk 1:21:07]} 50. Rc5+ {[%clk 0:10:16]}  Kb6 {[%clk 1:20:32]} 51. Rxa4 {[%clk 0:09:02]}  Re1+ {[%clk 1:16:19]} 52. Kh2 {[%clk 0:08:36]}  Qxc3 {[%clk 1:14:42]} 53. Rcxc4 {[%clk 0:08:05]}  Qg3+ {[%clk 1:13:18]} 54. Qxg3 {[%clk 0:07:40]}  hxg3+ {[%clk 1:13:20]} 55. Kxg3 {[%clk 0:08:00]}  Re6 {[%clk 1:13:08]} 56. Rcb4+ {[%clk 0:06:19]}  Kc6 {[%clk 1:12:47]} 57. Ra6+ {[%clk 0:05:13]}  Kd5 {[%clk 1:12:50]} 58. Rxe6 {[%clk 0:04:51]}  Kxe6 {[%clk 1:12:31]} 59. Rb6+ {[%clk 0:04:15]}  Kd5 {[%clk 1:12:52]} 60. Kg4 {[%clk 0:04:24]}  Kxd4 {[%clk 1:12:30]} 61. Rb5 {[%clk 0:04:33]}  Rg6 {[%clk 1:12:01]} 62. Kf5 {[%clk 0:04:15]}  Ke3 {[%clk 1:12:27]} 63. Rb7 {[%clk 0:04:14]}  Kf2 {[%clk 1:11:35]} 64. Rxf7 {[%clk 0:04:10]}  Rh6 {[%clk 1:11:16]} 65. Kxg5 {[%clk 0:03:51]}  Rh8 {[%clk 1:11:40]} 66. Kg6 {[%clk 0:03:39]}  Kxg2 {[%clk 1:11:33]} 67. Rh7 {[%clk 0:03:59]}  Rb8 {[%clk 1:11:56]} 68. f7 {[%clk 0:04:07]}  Rb6+ {[%clk 1:11:34]} 69. Kg7 {[%clk 0:04:20]}  Rb7 {[%clk 1:11:25]} 70. Kg8 {[%clk 0:04:42]}  Rxf7 {[%clk 1:10:49]} 71. Kxf7 {[%clk 0:05:03]}  Kg3 {[%clk 1:11:15]} 72. h4 {[%clk 0:05:21]}  Kg4 {[%clk 1:11:43]} 73. Kg6 {[%clk 0:05:40]} 1-0

[Event "45th FIDE Chess Olympiad Open"]
[Site "Budapest, Hungary"]
[Date "2024.09.22"]
[Round "11"]
[White "Semedo, Adelino"]
[Black "Al-Kuwari, Hamad"]
[Result "0-1"]
[Board "304"]
[WhiteFideId "1951165"]
[BlackFideId "12102679"]
[WhiteElo "1827"]
[BlackElo "1574"]
[WhiteTeam "Sao Tome and Principe"]
[BlackTeam "Qatar"]
[WhiteClock "0:30:26"]
[BlackClock "1:06:37"]
[Variant "Standard"]

1. d4 {[%clk 1:30:41]}  d5 {[%clk 1:30:55]} 2. c4 {[%clk 1:31:08]}  e6 {[%clk 1:31:15]} 3. Nc3 {[%clk 1:31:03]}  Nf6 {[%clk 1:31:39]} 4. cxd5 {[%clk 1:31:09]}  exd5 {[%clk 1:31:57]} 5. Bg5 {[%clk 1:31:31]}  Be7 {[%clk 1:32:10]} 6. e3 {[%clk 1:31:24]}  c6 {[%clk 1:32:11]} 7. Bd3 {[%clk 1:29:33]}  O-O {[%clk 1:32:19]} 8. Qc2 {[%clk 1:29:09]}  h6 {[%clk 1:32:19]} 9. Bh4 {[%clk 1:27:57]}  Re8 {[%clk 1:32:37]} 10. Nf3 {[%clk 1:27:16]}  Ne4 {[%clk 1:32:55]} 11. Bxe7 {[%clk 1:20:00]}  Qxe7 {[%clk 1:32:33]} 12. h3 {[%clk 1:17:28]}  Nd7 {[%clk 1:31:27]} 13. O-O-O {[%clk 1:14:23]}  b5 {[%clk 1:26:14]} 14. Nxe4 {[%clk 1:08:07]}  dxe4 {[%clk 1:26:05]} 15. Qxc6 {[%clk 1:08:24]}  Rb8 {[%clk 1:22:09]} 16. Bc2 {[%clk 1:00:45]}  exf3 {[%clk 1:20:54]} 17. gxf3 {[%clk 1:01:14]}  Bb7 {[%clk 1:20:37]} 18. Qxb5 {[%clk 1:00:36]}  Bxf3 {[%clk 1:19:43]} 19. Qd3 {[%clk 1:00:27]}  Nf6 {[%clk 1:18:13]} 20. Rhe1 {[%clk 0:59:02]}  Bxd1 {[%clk 1:18:21]} 21. Rxd1 {[%clk 0:59:04]}  Rec8 {[%clk 1:16:38]} 22. e4 {[%clk 0:58:20]}  Qxe4 {[%clk 1:15:15]} 23. Qd2 {[%clk 0:57:29]}  Qb7 {[%clk 1:15:07]} 24. b3 {[%clk 0:57:29]}  Qb4 {[%clk 1:15:06]} 25. Qe2 {[%clk 0:54:18]}  Qc3 {[%clk 1:14:07]} 26. Kb1 {[%clk 0:52:39]}  Re8 {[%clk 1:12:32]} 27. Qa6 {[%clk 0:48:58]}  Nd5 {[%clk 1:08:30]} 28. a3 {[%clk 0:41:46]}  Rxb3+ {[%clk 1:06:56]} 29. Kc1 {[%clk 0:30:26]}  Rxa3 {[%clk 1:06:37]} 0-1

[Event "45th FIDE Chess Olympiad Open"]
[Site "Budapest, Hungary"]
[Date "2024.09.22"]
[Round "11"]
[White "Bhakta Bahadur Monger"]
[Black "Rowe, Peter"]
[Result "1/2-1/2"]
[Board "305"]
[WhiteFideId "17500737"]
[BlackFideId "10700099"]
[BlackTitle "CM"]
[WhiteElo "1911"]
[BlackElo "1973"]
[WhiteTeam "Bhutan"]
[BlackTeam "Guernsey"]
[WhiteClock "0:04:20"]
[BlackClock "0:07:58"]
[Variant "Standard"]

1. d4 {[%clk 1:30:54]}  d6 {[%clk 1:30:39]} 2. Nf3 {[%clk 1:31:02]}  Nd7 {[%clk 1:30:42]} 3. e4 {[%clk 1:30:42]}  e5 {[%clk 1:29:59]} 4. Bc4 {[%clk 1:30:27]}  Be7 {[%clk 1:26:39]} 5. dxe5 {[%clk 1:29:34]}  Nxe5 {[%clk 1:25:08]} 6. Nxe5 {[%clk 1:28:36]}  dxe5 {[%clk 1:25:28]} 7. Qxd8+ {[%clk 1:26:18]}  Bxd8 {[%clk 1:25:41]} 8. Nc3 {[%clk 1:26:00]}  c6 {[%clk 1:25:05]} 9. O-O {[%clk 1:24:25]}  Nf6 {[%clk 1:22:25]} 10. f3 {[%clk 1:15:14]}  b5 {[%clk 1:16:46]} 11. Bd3 {[%clk 1:10:12]}  Bb6+ {[%clk 1:14:40]} 12. Kh1 {[%clk 1:10:19]}  h6 {[%clk 1:12:41]} 13. Ne2 {[%clk 1:07:34]}  a5 {[%clk 1:01:51]} 14. b3 {[%clk 0:58:21]}  O-O {[%clk 0:58:50]} 15. Bb2 {[%clk 0:51:03]}  Re8 {[%clk 0:58:23]} 16. Rfd1 {[%clk 0:48:59]}  Bb7 {[%clk 0:48:04]} 17. c4 {[%clk 0:44:10]}  b4 {[%clk 0:45:12]} 18. Bc2 {[%clk 0:40:13]}  c5 {[%clk 0:40:00]} 19. Rd3 {[%clk 0:39:52]}  Bc7 {[%clk 0:34:47]} 20. Rad1 {[%clk 0:37:40]}  Bc6 {[%clk 0:33:50]} 21. Ng3 {[%clk 0:35:01]}  a4 {[%clk 0:27:18]} 22. Bb1 {[%clk 0:32:39]}  a3 {[%clk 0:25:24]} 23. Ba1 {[%clk 0:32:55]}  g6 {[%clk 0:22:25]} 24. Nf1 {[%clk 0:31:46]}  Re7 {[%clk 0:20:52]} 25. Ne3 {[%clk 0:30:45]}  Ne8 {[%clk 0:18:44]} 26. R3d2 {[%clk 0:24:35]}  f6 {[%clk 0:11:51]} 27. Kg1 {[%clk 0:22:09]}  Kf7 {[%clk 0:11:57]} 28. h3 {[%clk 0:21:39]}  Ke6 {[%clk 0:11:27]} 29. Kf2 {[%clk 0:14:02]}  Rd7 {[%clk 0:08:21]} 30. Ke2 {[%clk 0:10:16]}  Rad8 {[%clk 0:07:53]} 31. Bc2 {[%clk 0:04:20]}  Rxd2+ {[%clk 0:07:58]} 1/2-1/2